[Event "Arber op (Women) 3rd"]
[Site "Bayerisch Eisenstein"]
[Date "2015.08.01"]
[Round "1"]
[White "Cahillane, Evelyn"]
[Black "Ries, Jutta"]
[Result "0-1"]
[WhiteElo "1529"]
[BlackElo "1977"]
[PlyCount "46"]
[EventDate "2015.08.01"]
[EventType "swiss"]
[EventRounds "9"]
[EventCountry "GER"]
[SourceTitle "EXT 2016"]
[Source "ChessBase"]
[SourceDate "2015.10.08"]
[SourceVersion "1"]
[SourceVersionDate "2015.10.08"]
[SourceQuality "1"]

1. e4 Nf6 2. e5 Nd5 3. d4 d6 4. Nf3 g6 5. Bc4 Nb6 6. Bb3 Bg7 7. 0-0 0-0 8. Be3 Nc6 9. c3 dxe5 10. dxe5 Nxe5 11. Bd4 Nxf3+ 12. Qxf3 Bxd4 13. cxd4 Qxd4 14. Rd1 Qg4 15. Bxf7+ Rxf7 16. Rd8+ Kg7 17. Qc3+ Rf6 18. Nd2 Qf4 19. Ne4 Qxe4 20. Re1 Nd5 21. Rxe4 Nxc3 22. Rxe7+ Rf7 23. Ree8 Nb5 0-1